Telemarketing : using the telephone to increase your profits

Bibliographic Details
Main Author: Mayer, Ann
Format: Book
Published: Singapore : Heinemann Asia , 1992
Series:Professional Improvement Series
Subjects:

MARC

LEADER 00000cam a2200000 7i4500
001 0000004197
002 000004514
005 20000330.0
020 |a 9971642921 
090 0 0 |a 658.84   |b MAY 
100 1 |a Mayer, Ann 
245 1 0 |a Telemarketing :   |b using the telephone to increase your profits   |c Ann Mayer 
260 |a Singapore :   |b Heinemann Asia ,   |c 1992 
300 |a 129 p. ;   |c 23 cm. 
490 0 |a Professional Improvement Series 
650 0 0 |a Customer relations 
650 0 0 |a Telemarketing 
999 |a 037332   |b BUKU   |c PINJAMAN   |e PERPUSTAKAAN KOMUNITI PETALING JAYA